| 000 | 01175nam a22002535a 4500 | ||
|---|---|---|---|
| 003 | OSt | ||
| 005 | 20180426103037.0 | ||
| 008 | 180426s1994 xx a frb 000 0 ara d | ||
| 040 |
_aEG-ScBUE _bara _cEG-ScBUE |
||
| 043 | _ama----- | ||
| 082 | 0 | 4 |
_a343.14927076 _bع م ل _222 |
| 110 | 2 |
_aمنظمة العمل العربية. _bمكتب العمل العربي. |
|
| 245 | 1 | 2 |
_aالعمل في قطاع الزراعة في الدول العربية / _cمكتب العمل العربي، منظمة العمل العربية. |
| 260 |
_a[القاهرة] : _bمنظمة العمل العربية، مكتب العمل العربي، _c1994. |
||
| 300 |
_a232 ص. : _bإيض. ؛ _c24 سم. |
||
| 504 | _aيشتمل على إرجاعات ببليوجرافية. | ||
| 541 |
_aأ. محمد فريد خميس ؛ _cإهداء ؛ |
||
| 650 | 7 |
_aالعمال الزراعيون _xقوانين وتشريعات _zالبلاد العربية. _2BUEsh |
|
| 650 | 7 |
_aالزراعة _zالبلاد العربية. _2BUEsh |
|
| 650 | 7 |
_aالعمل والعمال _zالبلاد العربية. _2BUEsh |
|
| 651 | _2BUEsh | ||
| 653 |
_bLLAAWW _bBUSBOL _bGGEN _cApril2018 |
||
| 942 | _2ddc | ||
| 999 |
_c26594 _d26566 |
||